Understanding and addressing suicide attacks : the faith and politics of martyrdom operations /

Bibliographic Details
Main Author: Cook, David, 1966-
Other Authors: Allison, Olivia, 1981-
Format: Book
Language:English
Published: Westport, Conn. : Praeger Security International, 2007.
Subjects:
Online Access:Table of contents only

MARC

Tag First Indicator Second Indicator Subfields
LEADER 00000cam a2200000 a 4500
001 in00002250430
005 20151105052904.0
008 070123s2007 ctua b 001 0 eng
010 |a  2007003037 
015 |a GBA711756  |2 bnb 
016 7 |a 013672136  |2 Uk 
020 |a 9780275992606 (alk. paper) 
020 |a 0275992608 (alk. paper) 
029 1 |a YDXCP  |b 2512637 
035 |a (OCoLC)ocm80360375 
035 |a (OCoLC)80360375 
040 |a DLC  |c DLC  |d BAKER  |d UKM  |d BTCTA  |d C#P  |d YDXCP  |d UtOrBLW 
049 |a TXAM 
050 0 0 |a BP190.5.S94  |b C66 2007 
082 0 0 |a 363.325/11  |2 22 
100 1 |a Cook, David,  |d 1966- 
245 1 0 |a Understanding and addressing suicide attacks :  |b the faith and politics of martyrdom operations /  |c David Cook and Olivia Allison ; foreword by Edward P. Djerejian. 
264 1 |a Westport, Conn. :  |b Praeger Security International,  |c 2007. 
300 |a xv, 202 pages :  |b illustrations ;  |c 25 cm. 
336 |a text  |b txt  |2 rdacontent 
337 |a unmediated  |b n  |2 rdamedia 
338 |a volume  |b nc  |2 rdacarrier 
504 |a Includes bibliographical references (pages [179]-192) and index. 
505 0 |a Historical and Islamic roots of suicide attacks-martyrdom operations -- Shi'ites pioneer the military use of suicide attacks -- Are suicide operations the weapon of the disadvantaged? -- Self-sacrifice against the "Great Satan": Al-Qa'ida and martyrdom operations -- Spreading martyrdom operations; purifying the Muslim community -- Are suicide attacks "catching"? Militant media organs' publicity efforts -- Success of terrorist messages in the American media -- Correcting the suicide-bombing discourse -- Fighting suicide bombing and the culture of martyrdom. 
650 0 |a Suicide  |x Religious aspects  |x Islam. 
650 0 |a Suicide bombers. 
650 0 |a Martyrdom  |x Islam. 
650 0 |a Violence  |x Religious aspects  |x Islam. 
650 0 |a Islam and politics. 
650 0 |a Islamic fundamentalism. 
700 1 |a Allison, Olivia,  |d 1981- 
856 4 1 |3 Table of contents only  |u http://www.loc.gov/catdir/toc/ecip079/2007003037.html  |t 0 
938 |a Baker & Taylor  |b BKTY  |c 44.95  |d 44.95  |i 0275992608  |n 0007107322  |s active 
938 |a Baker and Taylor  |b BTCP  |n 2007003037 
938 |a YBP Library Services  |b YANK  |n 2512637 
945 |a PromptCat  |b 155808 
946 |a stk 
947 |a A14836151064 
948 |a cataloged  |b h  |c 2007/6/13  |d c  |e achopde  |f 3:56:53 pm 
994 |a 92  |b TXA 
999 |a MARS 
999 f f |s f132f69a-d708-3653-b79b-934a34b72ef9  |i ed387bfa-da65-3cb8-aa34-dbee3241edf0  |t 0 
952 f f |p ric  |a Texas A&M University  |b Rellis Campus  |c Joint Library Facility  |d Remote Storage  |t 0  |e BP190.5.S94 C66 2007  |h Library of Congress classification  |i unmediated -- volume  |m A14836151064 
998 f f |a BP190.5.S94 C66 2007  |t 0  |l Remote Storage